000 00337nam a2200145Ia 4500
008 150301s2010 xx 000 0 und d
082 _a615
_bC10P
100 _aPRASAD, P. JAGADISH
245 _aCONCEPTUAL PHARMACOLOGY
250 _a1ST
260 _bUNI.PUB.
_aHYD
_c2010
300 _a692
650 _aPHARMACOLOGY
942 _2ddc
_cBK
999 _c6725
_d6725